Statistics for East Asia Cities Map Quiz

Click here to take the quiz!

General Stats

  • This quiz has been taken 93,056 times
    (83,650 since last reset)
  • The average score is 21 of 28

Answers on the Map

Answers color-coded by a green-red scale on the quiz's map according to % correct below.
 

Answer Stats

Answer% Correct
Seoul
94%
Pyongyang
93%
Tokyo
90%
Taipei
87%
Manila
85%
Beijing
84%
Ulaanbaatar
84%
Jakarta
82%
Vladivostok
82%
Bangkok
80%
Singapore
80%
Ho Chi Minh
City
78%
Kathmandu
78%
Kuala Lumpur
78%
Shanghai
78%
Hong Kong
77%
Delhi
76%
Osaka
75%
Mumbai
70%
Sapporo
70%
Dhaka
69%
Colombo
68%
Hanoi
66%
Chengdu
63%
Kolkata
57%
Bangalore
55%
Yangon
55%
Lhasa
50%

Score Distribution

Percentile by Number Answered

Percent of People with Each Score

Your Score History

You have not taken this quiz since the last reset